[Event "NOR-chT Eliteserien 2018-19"]
[Site "Norway"]
[Date "2019.01.11"]
[Round "4"]
[White "Altarbosh, Ward"]
[Black "Lie, Kjetil A."]
[Result "0-1"]
[WhiteElo "2281"]
[BlackElo "2539"]
[Annotator "TA"]
[PlyCount "61"]
[EventDate "2018.11.02"]
[EventType "team-tourn"]
[EventCountry "NOR"]
[SourceTitle "playchess.com"]
[Source "ChessBase"]
[SourceQuality "1"]

{[%evp 20,61,10,10,10,0,22,0,17,25,12,7,2,-9,0,-3,0,-30,-16,-113,-104,-114,-123,-143,-75,-71,-18,-137,-122,-625,-596,-622,-633,-612,-605,-601,-599,-576,-603,-985,-971,-1370,-1347,-29990]} 1. e4 d6 2. d4 Nf6 3. Nc3 g6 4. Nf3 Bg7 5. Bc4 O-O 6. O-O Nxe4 7. Nxe4 d5 8. Bd3 dxe4 9. Bxe4 Nd7 10. Re1 c5 11. c3 cxd4 {B08: Pirc Defence: Classical System} 12. Nxd4 Nc5 {aiming for ...e5.} 13. Bc2 e5 {The position is equal.} (13... Qc7 14. Bg5 Ne6 15. Nxe6 Bxe6 16. Bb3 Bxb3 17. Qxb3 e6 18. Rad1 h6 19. Be3 b6 20. Qa4 Rfd8 {½-½ (20) Rabiega,R (2501)-Fridman,D (2652) Germany 2011}) 14. Nb3 Ne6 {[#]} 15. Be3 $146 ({Predecessor:} 15. Qxd8 Rxd8 16. Be3 b6 17. Be4 Rb8 18. Rad1 {½-½ (18) Enricci,J (2509)-Rinaldi,C (2492) Argentina 1998}) 15... Qc7 16. Qe2 Bd7 17. Rad1 b6 18. Qd2 Bc6 $36 {[%mdl 2048] Black has the initiative.} 19. Bh6 (19. f3 $11 {remains equal.}) 19... Rad8 $17 20. Qe3 Bxh6 21. Qxh6 {[#]} Rxd1 (21... Nf4 $142 $1 22. g3 Qc8) 22. Rxd1 Nf4 (22... Qb7 $17 23. Re1 Bxg2 24. Rxe5 Bd5) 23. f3 (23. g3 $11 Qc8 24. Qh4 Nh3+ 25. Kf1) 23... Rd8 {...Rxd1+ is the strong threat.} 24. Qg5 $2 {[%mdl 8192]} (24. Re1 $17) 24... Rxd1+ $19 {Black is clearly winning.} 25. Bxd1 Qd6 26. Bc2 {[#]} Bxf3 $1 {[%mdl 512]} 27. Kf2 (27. gxf3 Nh3+) 27... Bxg2 28. Qg3 Bc6 29. Qh4 a5 {[%cal Ba7a5,Ba5a4][%mdl 32]} 30. Qg4 a4 31. h4 {Accuracy: White = 16%, Black = 67%.} 0-1

[Event "NOR-chT Eliteserien 2018-19"]
[Site "Norway"]
[Date "2019.01.11"]
[Round "4"]
[White "Risting, Eivind Olav"]
[Black "Nilsen, Joachim Birger"]
[Result "0-1"]
[WhiteElo "2281"]
[BlackElo "2397"]
[Annotator "ChessBase"]
[PlyCount "90"]
[EventDate "2018.11.02"]
[EventType "team-tourn"]
[EventCountry "NOR"]
[SourceTitle "playchess.com"]
[Source "ChessBase"]
[SourceQuality "1"]
[TimeControl "40/5400+30:1800+30"]

1. d4 {[%emt 0:00:00]} Nf6 {[%emt 0:00:00]} 2. c4 {[%emt 0:00:00]} e6 {[%emt 0:00:15]} 3. Nf3 {[%emt 0:00:05]} c5 {[%emt 0:01:24]} 4. d5 {[%emt 0:03:04]} exd5 {[%emt 0:00:18]} 5. cxd5 {[%emt 0:00:07]} d6 {[%emt 0:00:06]} 6. Nc3 {[%emt 0:00:05]} g6 {[%emt 0:02:39]} 7. Bf4 {[%emt 0:00:19]} a6 {[%emt 0:00:50]} 8. a4 {[%emt 0:00:17]} Bg7 {[%emt 0:00:46]} 9. h3 {[%emt 0:00:32]} O-O {[%emt 0:00:20]} 10. e3 {[%emt 0:00:07]} Re8 {[%emt 0:00:35]} 11. Nd2 {[%emt 0:01:35]} Nbd7 {[%emt 0:06:12]} 12. Be2 {[%emt 0:09:38]} Ne5 {[%emt 0:02:24]} 13. O-O {[%emt 0:01:47]} Nfd7 {[%emt 0:01:02]} 14. Bh2 {[%emt 0:07:45]} f5 {[%emt 0:06:56]} 15. Re1 {[%emt 0:17:46]} g5 {[%emt 0:14:17]} 16. f4 {[%emt 0:08:19]} Ng6 {[%emt 0:04:03]} 17. Nc4 {[%emt 0:21:34]} Nb6 {[%emt 0:04:54]} 18. Kh1 {[%emt 0:01:17]} Nxc4 {[%emt 0:04:00]} 19. Bxc4 {[%emt 0:00:05]} gxf4 {[%emt 0:00:55]} 20. exf4 {[%emt 0:00:26]} Rxe1+ {[%emt 0:00:30]} 21. Qxe1 {[%emt 0:00:02]} Bd7 {[%emt 0:00:13]} 22. a5 {[%emt 0:11:39]} Qf6 {[%emt 0:04:02]} 23. Qd2 {[%emt 0:01:38]} Re8 {[%emt 0:02:31]} 24. Rd1 {[%emt 0:04:01]} Qd8 {[%emt 0:13:33]} 25. Ra1 {[%emt 0:00:53]} Qe7 {[%emt 0:01:17]} 26. Bg3 {[%emt 0:02:19]} Bh6 {[%emt 0:08:20]} 27. Re1 {[%emt 0:01:45]} Qd8 {[%emt 0:00:02]} 28. Rxe8+ {[%emt 0:01:26]} Qxe8 {[%emt 0:00:02]} 29. Bd3 {[%emt 0:01:23]} Qd8 {[%emt 0:01:11]} 30. Ne2 {[%emt 0:00:42]} Ne5 {[%emt 0:02:18]} 31. Be1 {[%emt 0:01:11]} Nxd3 {[%emt 0:01:19]} 32. Qxd3 {[%emt 0:00:01]} Qe7 {[%emt 0:01:04]} 33. Bc3 {[%emt 0:00:47]} Bb5 {[%emt 0:06:06]} 34. Qg3+ {[%emt 0:00:03]} Kf8 {[%emt 0:01:37]} 35. Ng1 {[%emt 0:00:39]} Bc4 {[%emt 0:00:13]} 36. Nf3 {[%emt 0:01:35]} Bxd5 {[%emt 0:00:16]} 37. Ng5 {[%emt 0:00:50]} Ke8 {[%emt 0:04:12]} 38. b4 {[%emt 0:01:11]} c4 {[%emt 0:00:22]} 39. Qh4 {[%emt 0:01:22]} Qe2 {[%emt 0:00:31]} 40. Qg3 {[%emt 0:00:50]} Kd7 {[%emt 0:01:00]} 41. Kh2 {[%emt 0:04:37]} Kc6 {[%emt 0:00:02]} 42. h4 {[%emt 0:00:47]} Kb5 {[%emt 0:00:34]} 43. Nh3 {[%emt 0:01:32]} Qd3 {[%emt 0:04:12]} 44. Ng5 {[%emt 0:00:32]} Qxg3+ {[%emt 0:02:32]} 45. Kxg3 {[%emt 0:00:07]} Ka4 {[%emt 0:00:19]} 0-1

[Event "NOR-chT Eliteserien 2018-19"]
[Site "Norway"]
[Date "2019.01.11"]
[Round "4"]
[White "Elseth, Roar"]
[Black "Kaasen, Tor Fredrik"]
[Result "1-0"]
[WhiteElo "2278"]
[BlackElo "2409"]
[Annotator "ChessBase"]
[PlyCount "69"]
[EventDate "2018.11.02"]
[EventType "team-tourn"]
[EventCountry "NOR"]
[SourceTitle "playchess.com"]
[Source "ChessBase"]
[SourceQuality "1"]
[TimeControl "40/5400+30:1800+30"]

1. e4 {[%emt 0:00:00]} c5 {[%emt 0:00:00]} 2. Nf3 {[%emt 0:00:00]} d6 {[%emt 0:00:00]} 3. d4 {[%emt 0:00:00]} cxd4 {[%emt 0:00:07]} 4. Nxd4 {[%emt 0:00:00]} Nf6 {[%emt 0:00:07]} 5. Nc3 {[%emt 0:00:00]} a6 {[%emt 0:00:05]} 6. Be2 {[%emt 0:02:40]} e6 {[%emt 0:00:53]} 7. O-O {[%emt 0:02:46]} Be7 {[%emt 0:00:22]} 8. f4 {[%emt 0:03:24]} Qc7 {[%emt 0:02:31]} 9. Kh1 {[%emt 0:08:19]} O-O {[%emt 0:02:34]} 10. a4 {[%emt 0:01:59]} Nc6 {[%emt 0:00:28]} 11. Be3 {[%emt 0:02:43]} Nxd4 {[%emt 0:00:48]} 12. Qxd4 {[%emt 0:06:20]} e5 {[%emt 0:02:14]} 13. Qd3 {[%emt 0:07:49]} Be6 {[%emt 0:08:46]} 14. f5 {[%emt 0:03:18]} Bd7 {[%emt 0:00:24]} 15. g4 {[%emt 0:08:01]} Bc6 {[%emt 0:03:57]} 16. Bf3 {[%emt 0:00:48]} h6 {[%emt 0:03:25]} 17. a5 {[%emt 0:05:37]} Rfe8 {[%emt 0:03:11]} 18. Qd2 {[%emt 0:11:24]} Nh7 {[%emt 0:05:36]} 19. Bb6 {[%emt 0:03:34]} Qc8 {[%emt 0:06:34]} 20. Rad1 {[%emt 0:01:06]} Nf6 {[%emt 0:01:50]} 21. Rg1 {[%emt 0:02:08]} Nd7 {[%emt 0:04:06]} 22. Be3 {[%emt 0:00:35]} Qd8 {[%emt 0:00:39]} 23. g5 {[%emt 0:01:32]} hxg5 {[%emt 0:11:00]} 24. Bxg5 {[%emt 0:00:18]} Kf8 {[%emt 0:07:25]} 25. Bh6 {[%emt 0:02:38]} Bf6 {[%emt 0:01:51]} 26. Qxd6+ {[%emt 0:11:52]} Qe7 {[%emt 0:01:25]} 27. Qd2 {[%emt 0:01:53]} Red8 {[%emt 0:02:14]} 28. Qg2 {[%emt 0:00:39]} Qc5 {[%emt 0:09:04]} 29. Bxg7+ {[%emt 0:00:59]} Bxg7 {[%emt 0:00:35]} 30. Qxg7+ {[%emt 0:00:11]} Ke7 {[%emt 0:00:01]} 31. Nd5+ {[%emt 0:07:45]} Bxd5 {[%emt 0:00:17]} 32. Rxd5 {[%emt 0:00:13]} Qc7 {[%emt 0:04:49]} 33. Rg6 {[%emt 0:00:37]} Re8 {[%emt 0:03:46]} 34. Re6+ {[%emt 0:00:34]} Kd8 {[%emt 0:00:02]} 35. Qf6+ {[%emt 0:00:56]} 1-0

[Event "NOR-chT Eliteserien 2018-19"]
[Site "Norway"]
[Date "2019.01.11"]
[Round "4"]
[White "Aulin-Jansson, Joran"]
[Black "Skrondal, Inge Sandstad"]
[Result "0-1"]
[WhiteElo "2274"]
[BlackElo "2281"]
[Annotator "NA"]
[PlyCount "60"]
[EventDate "2018.11.02"]
[EventType "team-tourn"]
[EventCountry "NOR"]
[SourceTitle "playchess.com"]
[Source "ChessBase"]
[SourceQuality "1"]
[TimeControl "40/5400+30:1800+30"]

1. c4 {[%emt 0:00:00]} c5 {[%emt 0:00:05]} 2. Nc3 {[%emt 0:00:00]} g6 {[%emt 0:00:11]} 3. g3 {[%emt 0:00:32]} Bg7 {[%emt 0:00:05]} 4. Bg2 {[%emt 0:00:04]} Nc6 {[%emt 0:00:16]} 5. Nf3 {[%emt 0:01:07]} e6 {[%emt 0:03:45]} 6. d3 {[%emt 0:05:49]} Nge7 {[%emt 0:00:23]} 7. O-O {[%emt 0:08:09]} O-O {[%emt 0:00:50]} 8. h4 {[%emt 0:00:49]} h6 {[%emt 0:01:57]} 9. Bd2 {[%emt 0:03:18]} b6 {[%emt 0:01:30]} 10. a3 {[%emt 0:01:55]} Bb7 {[%emt 0:01:46]} 11. Qc1 {[%emt 0:01:14]} Kh7 {[%emt 0:00:12]} 12. Rb1 {[%emt 0:00:06]} d6 {[%emt 0:04:11]} 13. b4 {[%emt 0:00:34]} Qd7 {[%emt 0:00:40]} 14. Re1 {[%emt 0:04:12]} Rac8 {[%emt 0:08:06]} 15. e3 {[%emt 0:10:11]} Rfd8 {[%emt 0:08:48]} 16. Ne2 {[%emt 0:01:11]} Ne5 {[%emt 0:07:52]} 17. Nxe5 {[%emt 0:00:29]} dxe5 {[%emt 0:00:09]} 18. Bxb7 {[%emt 0:02:59]} Qxb7 {[%emt 0:00:02]} 19. bxc5 {[%emt 0:00:20]} Rxd3 {[%emt 0:03:23]} 20. cxb6 {[%emt 0:00:37]} axb6 {[%emt 0:01:24]} 21. Bb4 {[%emt 0:07:47]} Nf5 {[%emt 0:08:24]} 22. Qc2 {[%emt 0:02:53]} Rxe3 {[%emt 0:03:59]} 23. Qd2 {[%emt 0:05:41]} Re4 {[%emt 0:03:21]} 24. h5 {[%emt 0:04:55]} Rh4 {[%emt 0:06:31]} 25. hxg6+ {[%emt 0:00:08]} fxg6 {[%emt 0:00:06]} 26. f3 {[%emt 0:02:02]} Qxf3 {[%emt 0:08:49]} 27. gxh4 {[%emt 0:00:30]} Rxc4 {[%emt 0:00:07]} 28. Ng3 {[%emt 0:05:12]} Rg4 {[%emt 0:01:37]} 29. Qf2 {[%emt 0:00:11]} Rxg3+ {[%emt 0:00:06]} 30. Kf1 {[%emt 0:00:06]} Qg4 {[%emt 0:02:13]} 0-1

[Event "NOR-chT Eliteserien 2018-19"]
[Site "Norway"]
[Date "2019.01.11"]
[Round "4"]
[White "Andersen, Alf Roger"]
[Black "Hammerstad, Asmund"]
[Result "1-0"]
[WhiteElo "2256"]
[BlackElo "2207"]
[Annotator "ChessBase"]
[PlyCount "103"]
[EventDate "2018.11.02"]
[EventType "team-tourn"]
[EventCountry "NOR"]
[SourceTitle "playchess.com"]
[Source "ChessBase"]
[SourceQuality "1"]
[TimeControl "40/5400+30:1800+30"]

1. d4 {[%emt 0:00:00]} e6 {[%emt 0:00:00]} 2. Nf3 {[%emt 0:00:00]} f5 {[%emt 0:00:21]} 3. h3 {[%emt 0:01:04]} Nf6 {[%emt 0:00:28]} 4. g4 {[%emt 0:00:16]} d5 {[%emt 0:03:35]} 5. e3 {[%emt 0:11:38]} Bd6 {[%emt 0:01:47]} 6. Bd3 {[%emt 0:00:54]} O-O {[%emt 0:01:01]} 7. c4 {[%emt 0:05:13]} c6 {[%emt 0:04:42]} 8. Nc3 {[%emt 0:01:33]} Ne4 {[%emt 0:16:01]} 9. gxf5 {[%emt 0:03:13]} Bb4 {[%emt 0:06:32]} 10. Bd2 {[%emt 0:14:45]} Bxc3 {[%emt 0:01:26]} 11. Bxc3 {[%emt 0:03:19]} exf5 {[%emt 0:01:54]} 12. Qc2 {[%emt 0:06:31]} Be6 {[%emt 0:03:14]} 13. Bb4 {[%emt 0:13:25]} Re8 {[%emt 0:01:10]} 14. O-O-O {[%emt 0:02:27]} Na6 {[%emt 0:07:54]} 15. Be1 {[%emt 0:01:13]} dxc4 {[%emt 0:03:25]} 16. Bxc4 {[%emt 0:01:14]} Bd5 {[%emt 0:08:03]} 17. Ne5 {[%emt 0:03:01]} Bxc4 {[%emt 0:04:33]} 18. Qxc4+ {[%emt 0:00:30]} Qd5 {[%emt 0:00:08]} 19. Qxd5+ {[%emt 0:01:16]} cxd5 {[%emt 0:00:09]} 20. f3 {[%emt 0:01:28]} Rac8+ {[%emt 0:01:28]} 21. Kb1 {[%emt 0:00:20]} Nd6 {[%emt 0:00:20]} 22. Bd2 {[%emt 0:09:40]} Nc4 {[%emt 0:01:32]} 23. Nxc4 {[%emt 0:03:11]} Rxc4 {[%emt 0:01:49]} 24. Rc1 {[%emt 0:01:45]} Rec8 {[%emt 0:03:33]} 25. Rxc4 {[%emt 0:02:23]} Rxc4 {[%emt 0:00:13]} 26. Be1 {[%emt 0:04:31]} Kf7 {[%emt 0:01:07]} 27. h4 {[%emt 0:03:18]} Nc7 {[%emt 0:00:23]} 28. Bg3 {[%emt 0:01:41]} Ne6 {[%emt 0:00:07]} 29. Be5 {[%emt 0:00:24]} Nf8 {[%emt 0:02:22]} 30. Rg1 {[%emt 0:02:46]} Ng6 {[%emt 0:00:45]} 31. Rg5 {[%emt 0:01:05]} Nxh4 {[%emt 0:01:12]} 32. Rxg7+ {[%emt 0:00:51]} Kf8 {[%emt 0:03:11]} 33. Rxb7 {[%emt 0:00:57]} Nxf3 {[%emt 0:00:20]} 34. b3 {[%emt 0:00:24]} Rc3 {[%emt 0:00:37]} 35. Bf4 {[%emt 0:00:37]} Kg8 {[%emt 0:02:13]} 36. Bh6 {[%emt 0:00:27]} Rc6 {[%emt 0:00:20]} 37. Bf4 {[%emt 0:00:39]} Ne1 {[%emt 0:00:31]} 38. Rxa7 {[%emt 0:00:27]} Nd3 {[%emt 0:00:19]} 39. Rc7 {[%emt 0:00:28]} Rg6 {[%emt 0:01:05]} 40. a4 {[%emt 0:00:33]} Rg2 {[%emt 0:00:35]} 41. Rc3 {[%emt 0:30:29]} Rb2+ {[%emt 0:33:21]} 42. Ka1 {[%emt 0:00:00]} Rd2 {[%emt 0:00:00]} 43. Bd6 {[%emt 0:00:00]} Kf7 {[%emt 0:00:00]} 44. a5 {[%emt 0:00:00]} Ke6 {[%emt 0:00:00]} 45. Ba3 {[%emt 0:00:00]} Ne1 {[%emt 0:00:00]} 46. Kb1 {[%emt 0:00:00]} Rg2 {[%emt 0:00:00]} 47. Rc6+ {[%emt 0:00:00]} Kf7 {[%emt 0:00:00]} 48. Rc7+ {[%emt 0:00:00]} Ke6 {[%emt 0:00:00]} 49. a6 {[%emt 0:00:00]} h5 {[%emt 0:00:00]} 50. a7 {[%emt 0:00:00]} Rg8 {[%emt 0:00:00]} 51. Rb7 {[%emt 0:00:00]} Ra8 {[%emt 0:00:00]} 52. Bc5 {[%emt 0:00:00]} 1-0

[Event "NOR-chT Eliteserien 2018-19"]
[Site "Norway"]
[Date "2019.01.11"]
[Round "4"]
[White "Machlik, Endre"]
[Black "Lindbol, Aleksander"]
[Result "1-0"]
[WhiteElo "2186"]
[BlackElo "2141"]
[Annotator "TA"]
[PlyCount "153"]
[EventDate "2018.11.02"]
[EventType "team-tourn"]
[EventCountry "NOR"]
[SourceTitle "playchess.com"]
[Source "ChessBase"]
[SourceQuality "1"]

{[%evp 22,153,21,0,38,-20,-23,-24,-31,-36,-39,-112,-58,-41,-10,-7,-7,-7,-4,-12,0,0,0,0,0,0,42,-13,-7,-6,-12,-127,-118,-127,-9,-99,-31,-162,61,64,56,68,97,62,55,16,20,22,68,72,72,77,70,67,110,109,120,106,223,222,218,212,268,262,252,209,216,199,183,206,205,200,205,173,181,180,207,187,209,172,163,108,177,101,98,108,263,256,229,170,197,188,180,79,75,43,43,43,66,61,76,61,110,47,77,43,129,43,74,85,79,8,8,8,8,8,8,8,8,8,8,8,8,8,10,8,14,8,8,8,8,8,705,687]} 1. d4 Nf6 2. c4 e6 3. Nc3 Bb4 4. Qc2 O-O 5. a3 Bxc3+ 6. Qxc3 d5 7. Bg5 dxc4 {E36: Nimzo-Indian: Classical: 4...d5 5 a3} 8. Qxc4 b6 9. Nf3 (9. Rd1 Ba6 10. Qc2 Nbd7 11. e4 Bxf1 12. Kxf1 Qc8 13. Ne2 h6 14. Bxf6 Nxf6 15. f3 {½-½ (31) So,W (2780)-Nakamura,H (2777) Saint Louis 2018}) 9... Ba6 10. Qa4 c5 11. dxc5 bxc5 12. Rc1 {LiveBook: 30 Games} Qb6 13. Rc2 $146 (13. Bxf6 $1 $14 gxf6 14. Rc2) ({Predecessor:} 13. Bxf6 gxf6 14. Rc2 Rd8 15. e3 Bxf1 16. Rxf1 Nc6 {½-½ (29) Kharitonov,A (2564)-Vocaturo,D (2609) Benasque 2018}) 13... Bb5 $11 14. Qh4 Nbd7 15. e3 Bxf1 16. Rxf1 (16. Kxf1 $15 Qb7 17. Bxf6 Nxf6 18. Qc4) 16... Qa5+ (16... Nd5 $1 $17 17. Qa4 Qb7) 17. Nd2 Rfd8 18. Ke2 h6 19. Bxf6 $1 Nxf6 20. Nc4 Qa4 21. Rfc1 $1 Rd5 22. f3 Rad8 23. Qe1 e5 24. Qa5 (24. e4 $14 Rd4 25. Kf1) 24... Qd7 $1 (24... Qb3 $6 25. e4 $16) 25. Rd2 e4 26. Rxd5 (26. Rcd1 $1 $11) 26... exf3+ $17 (26... Qxd5 $6 27. Qd2 $11) 27. gxf3 Qxd5 (27... Nxd5 $17 28. Ne5 Qd6) 28. Ne5 (28. Qd2 $11) 28... Rb8 (28... Qd6 $17 29. Ke1 Rc8) 29. Nd3 (29. Nc4 $1 $15) 29... Qh5 $2 ({Weaker is} 29... Rb3 30. Rc3 $11) ({Black should play} 29... Qd6 $1 $19 30. Rc2 Qxh2+ 31. Kd1 Qg3) 30. Qc7 $14 Re8 31. Rxc5 Qh4 32. Qf4 Qh3 $1 33. Nf2 Qe6 ({Of course not} 33... Qg2 $6 34. Qg3 $18) 34. Qd4 Qb6 35. Re5 Qa6+ 36. Nd3 Rb8 37. Re7 $36 {[%mdl 2048] White has good play.} Qc6 {With the idea ...Qc2+.} 38. Qc3 $1 {[%cal Rc3c6]} Qxc3 39. bxc3 $16 {[%mdl 4096] Endgame KRN-KRN} Rb3 (39... Nd5 $16 40. Rxa7 Nxc3+ 41. Kd2 Nb5) 40. Rxa7 $18 Rxc3 {If Black can now play ...Rc2+ this consolidates a bit.} 41. Kd2 Rc8 42. a4 {[%cal Ba3a4,Ba4a5,Ba5a6][%mdl 32]} Nd5 43. e4 Nc3 44. a5 {aiming for Rb7.} Nb5 {[#]} 45. Ra6 $1 Nd4 46. Ke3 Nc2+ 47. Kf4 Rc3 48. Rd6 Ra3 49. a6 g5+ 50. Kg3 Kg7 51. Ne5 (51. h4 $18) 51... Nb4 (51... h5 $16 52. Nd3 g4) 52. Rb6 (52. Rd7 $18 Rxa6 53. Rxf7+ Kg8 54. Rd7) 52... Nxa6 $16 53. Rb7 Ra5 $2 (53... Kf6 $16 {was worth a try.}) 54. Rxf7+ $18 Kg8 55. Rf5 Nc7 56. Ng4 Ra6 57. Rc5 (57. h4 $18) 57... Ne6 $16 58. Rd5 Nf4 59. Rd2 Kg7 60. Ne3 Kg6 61. Nf5 Ne6 62. Rd7 ({Better is} 62. h4 $16) 62... h5 $14 63. Ne7+ Kh6 (63... Kf6 $14) 64. Nd5 (64. h4 $16) 64... Nf8 65. Rf7 Ng6 {[#]} 66. Rf5 (66. Rf6 $1 $16 {[%cal Rf6a6]} Rxf6 67. Nxf6) 66... Ra2 $11 67. Rf6 Kg7 68. Rb6 Ne5 69. h4 gxh4+ 70. Kxh4 {Threatens to win with f4.} Nxf3+ 71. Kxh5 Rg2 {[%csl Gf3][%cal Rg2g5]} 72. Rb7+ Kf8 73. Nf4 Rg5+ 74. Kh6 {Strongly threatening Ne6+.} Rg4 75. Ng6+ Ke8 76. Rb3 Ng5 $2 {[%mdl 8192]} (76... Nd4 $11 77. Rb8+ Kd7) 77. Rb8+ {Accuracy: White = 45%, Black = 43%.} 1-0

[Event "NOR-chT Eliteserien 2018-19"]
[Site "Norway"]
[Date "2019.01.11"]
[Round "4"]
[White "Royset, Pal"]
[Black "Storme, Isak"]
[Result "0-1"]
[WhiteElo "2165"]
[BlackElo "2319"]
[Annotator "NA"]
[PlyCount "66"]
[EventDate "2018.11.02"]
[EventType "team-tourn"]
[EventCountry "NOR"]
[SourceTitle "playchess.com"]
[Source "ChessBase"]
[SourceQuality "1"]
[TimeControl "40/5400+30:1800+30"]

1. e4 {[%emt 1:13:18]} c5 {[%emt 1:08:12]} 2. c3 {[%emt 0:00:30]} Nf6 {[%emt 0:00:30]} 3. e5 {[%emt 0:00:30]} Nd5 {[%emt 0:00:30]} 4. Nf3 {[%emt 0:00:30]} Nc6 {[%emt 0:00:30]} 5. d4 {[%emt 0:00:30]} cxd4 {[%emt 0:00:30]} 6. cxd4 {[%emt 0:00:30]} d6 {[%emt 0:00:30]} 7. Bc4 {[%emt 0:00:30]} Nb6 {[%emt 0:00:30]} 8. Bb3 {[%emt 0:00:30]} dxe5 {[%emt 0:00:30]} 9. d5 {[%emt 0:00:30]} Na5 {[%emt 0:00:30]} 10. Nc3 {[%emt 0:00:30] B22: Sicilian: 2 c3} Bg4 {[%emt 0:00:30]} 11. Qd3 $146 {[%emt 0:00:30]} ({Predecessor:} 11. Be3 Nxb3 12. Qxb3 Bxf3 13. gxf3 g6 14. Nb5 Bg7 15. d6 O-O 16. O-O-O exd6 17. Rxd6 Qh4 {1-0 (39) Lugovskoy,M (2428)-Maletin,P (2586) Sochi 2018}) 11... Nxb3 {[%emt 0:00:30]} 12. axb3 {[%emt 0:00:30]} f6 {[%emt 0:00:30]} 13. Be3 {[%emt 0:00:30]} g6 {[%emt 0:00:30]} 14. Nh4 {[%emt 0:00:30]} Kf7 {[%emt 0:00:30]} 15. O-O {[%emt 0:00:30]} Bg7 {[%emt 0:00:30]} 16. f4 {[%emt 0:00:30]} exf4 {[%emt 0:00:30]} 17. Rxf4 {[%emt 0:00:30]} Bd7 {[%emt 0:00:30]} 18. Nf3 {[%emt 0:00:30]} Rf8 {[%emt 0:00:30]} 19. Ng5+ {[%emt 0:00:30]} Kg8 {[%emt 0:00:30]} 20. Nxh7 {[%emt 0:00:30]} Kxh7 {[%emt 0:00:30]} 21. Rh4+ {[%emt 0:00:30]} Kg8 {[%emt 0:00:30]} 22. Qxg6 {[%emt 0:00:30]} Qe8 {[%emt 0:00:30]} 23. Qh7+ {[%emt 0:00:30]} Kf7 {[%emt 0:00:30]} 24. Ne4 {[%emt 0:00:30]} Nxd5 {[%emt 0:00:30]} 25. Qh5+ {[%emt 0:00:30]} Kg8 {[%emt 0:00:30]} 26. Qxd5+ {[%emt 0:00:30]} e6 {[%emt 0:00:13]} 27. Qxb7 {[%emt 0:00:30]} Rb8 $2 {[%emt 0:01:00]} (27... Bc6 $14 28. Qc7 Bxe4 29. Rxe4 f5) 28. Qxa7 {[%emt 0:00:39]} (28. Qc7 $18 {and the rest is easy.} f5 29. Bh6 (29. Rxa7 Rxb3 30. Nd6 Qe7 $16)) 28... Bc6 {[%emt 0:03:23]} 29. Rg4 {[%emt 0:02:04]} Rb7 {[%emt 0:01:08]} 30. Nd6 {[%emt 0:00:19]} Qh5 {[%emt 0:07:10]} 31. Rxg7+ $19 {[%emt 0:01:13]} (31. Qd4 $18 Rd7 32. Qf4) 31... Rxg7 {[%emt 0:00:34]} 32. Qxg7+ {[%emt 0:00:18]} Kxg7 {[%emt 0:00:16]} 33. Ra7+ {[%emt 0:00:12]} Kg8 {[%emt 0:00:36]} 0-1

[Event "NOR-chT Eliteserien 2018-19"]
[Site "Norway"]
[Date "2019.01.11"]
[Round "4"]
[White "Diesen, Bruce"]
[Black "Lahlum, Hans Olav"]
[Result "1-0"]
[WhiteElo "2159"]
[BlackElo "2122"]
[Annotator "NA"]
[PlyCount "81"]
[EventDate "2018.11.02"]
[EventType "team-tourn"]
[EventCountry "NOR"]
[SourceTitle "playchess.com"]
[Source "ChessBase"]
[SourceQuality "1"]
[TimeControl "40/5400+30:1800+30"]

1. e4 {[%emt 0:00:00]} e6 {[%emt 0:00:00]} 2. d4 {[%emt 0:00:00]} d5 {[%emt 0:00:00]} 3. Nc3 {[%emt 0:00:05]} Bb4 {[%emt 0:00:00]} 4. e5 {[%emt 0:00:12]} c5 {[%emt 0:00:00]} 5. a3 {[%emt 0:00:07]} Bxc3+ {[%emt 0:00:02]} 6. bxc3 {[%emt 0:00:06]} Ne7 {[%emt 0:00:04]} 7. Nf3 {[%emt 0:01:20]} Qc7 {[%emt 0:00:23]} 8. a4 {[%emt 0:01:29]} b6 {[%emt 0:06:44]} 9. Bb5+ {[%emt 0:01:57]} Bd7 {[%emt 0:00:45]} 10. Bd3 {[%emt 0:00:29]} Nbc6 {[%emt 0:01:12]} 11. O-O {[%emt 0:00:35]} c4 {[%emt 0:06:21]} 12. Be2 {[%emt 0:00:36]} f6 {[%emt 0:00:22]} 13. exf6 {[%emt 0:08:04]} gxf6 {[%emt 0:00:11]} 14. Re1 {[%emt 0:00:50]} O-O-O {[%emt 0:03:19]} 15. Bf1 {[%emt 0:05:16]} Rhg8 {[%emt 0:04:15]} 16. g3 {[%emt 0:12:17]} Ng6 {[%emt 0:05:16]} 17. Bg2 {[%emt 0:04:42]} Kb8 {[%emt 0:11:16]} 18. Bh6 {[%emt 0:08:30]} Bc8 {[%emt 0:01:43]} 19. h4 {[%emt 0:09:29]} Qf7 {[%emt 0:03:24]} 20. Qd2 {[%emt 0:02:12]} Ka8 {[%emt 0:03:21]} 21. Re2 {[%emt 0:07:05]} Rge8 {[%emt 0:05:01]} 22. Rae1 {[%emt 0:01:39]} Bd7 {[%emt 0:08:15]} 23. Bf4 {[%emt 0:01:55]} Bc8 {[%emt 0:06:31]} 24. Kh2 {[%emt 0:04:43]} Nce7 {[%emt 0:04:13]} 25. a5 {[%emt 0:03:30]} Nxf4 {[%emt 0:03:20]} 26. Qxf4 {[%emt 0:00:22]} Ng6 {[%emt 0:00:40]} 27. Qh6 {[%emt 0:00:42]} b5 {[%emt 0:01:42]} 28. Kg1 {[%emt 0:04:49]} a6 {[%emt 0:02:40]} 29. Nd2 {[%emt 0:05:35]} Ne7 {[%emt 0:02:19]} 30. Bf3 {[%emt 0:03:27]} Nf5 {[%emt 0:03:17]} 31. Qf4 {[%emt 0:00:38]} Kb7 {[%emt 0:03:46]} 32. Nxc4 {[%emt 0:05:50]} e5 {[%emt 0:03:58]} 33. dxe5 {[%emt 0:00:09]} bxc4 {[%emt 0:00:26]} 34. Rb1+ {[%emt 0:04:35]} Ka7 {[%emt 0:01:27]} 35. g4 {[%emt 0:01:19]} fxe5 {[%emt 0:00:41]} 36. Rxe5 {[%emt 0:00:43]} Rxe5 {[%emt 0:08:46]} 37. Qxe5 {[%emt 0:00:02]} Bb7 {[%emt 0:01:13]} 38. gxf5 {[%emt 0:00:20]} Rg8+ {[%emt 0:00:42]} 39. Kf1 {[%emt 0:00:11]} Re8 {[%emt 0:01:10]} 40. Qd4+ {[%emt 0:00:14]} Kb8 {[%emt 0:00:41]} 41. Bxd5 {[%emt 0:31:26]} 1-0